| 000 | 01942nem0a2200301 4500 | ||
|---|---|---|---|
| 001 | RU\NLR\BIBL_A\012147017 | ||
| 005 | 20250623214118.0 | ||
| 035 | _a(NLR Aleph) 012147017 | ||
| 090 |
_a12127543 _c12127543 |
||
| 100 | _a20191126d1851 |||y0rusy50 ca | ||
| 101 | 0 | _arus | |
| 102 | _aRU | ||
| 120 | _aaay xx|| | ||
| 123 | 1 |
_aа _b504 |
|
| 200 | 1 |
_aПлан Московскаго Большаго Кремлевскаго дворца. Нижний этаж _bКарты |
|
| 206 | _a1:504, 6 саж. в 1 дюйме (50 м в 1 см), граф. м-б в саж. | ||
| 210 |
_a[Москва _dпосле 1851] |
||
| 215 |
_a1 к _c1 цв., клапан, указ. _d56х75 см |
||
| 300 | _aВерхняя граница датировки по времени завершения строительства Большого Кремлёвского дворца (1849 г.) и корпуса Оружейной палаты (1851 г.) | ||
| 300 | _aВедение адм.-хоз. работ по строительству и эксплуатации царских дворцов в Москве и окрестностях, включая составление планов и чертежей, с 1831 г. осуществлялось Московской дворцовой конторой (с 1886 г. Московское дворцовое управление) в составе Министерства императорского двора и уделов. | ||
| 509 | 0 | 1 |
_7ca _aМосква, _eРоссия _hгород, части _92633766 _3RU\NLR\auth_crt\55594 |
| 518 | 1 | _aПлан Московского Большого кремлёвского дворца | |
| 601 | 0 | 1 |
_aКремль _cМосква, город _jКарты _9972370 _3RU\NLR\AUTH\6646065 |
| 608 |
_aПланы городов _91238803 _3RU\NLR\AUTH\66188402 |
||
| 852 |
_aNLR _bК _j3-М 2/208 _m86935 |
||
| 942 | _cMAP | ||
| 980 | _aNB | ||